[Event "UZB-ch (Women)"]
[Site "Tashkent"]
[Date "2010.05.16"]
[Round "8"]
[White "Khamrakulova, Iroda"]
[Black "Mamatkulova, Maftuna"]
[Result "0-1"]
[WhiteElo "2151"]
[BlackElo "1951"]
[PlyCount "93"]
[EventDate "2010.05.16"]
[EventType "tourn"]
[EventRounds "11"]
[EventCountry "UZB"]
[SourceTitle "EXT 2011"]
[Source "ChessBase"]
[SourceDate "2010.11.26"]
[SourceVersion "1"]
[SourceVersionDate "2010.11.26"]
[SourceQuality "1"]

1. e4 c6 2. d4 d5 3. Nc3 dxe4 4. Nxe4 Bf5 5. Ng3 Bg6 6. Nf3 Nd7 7. h4 h6 8. h5 Bh7 9. Bd3 Bxd3 10. Qxd3 Ngf6 11. Bd2 Qc7 12. 0-0-0 0-0-0 13. Qe2 e6 14. Ne5 Nb6 15. Ba5 c5 16. Rh4 Kb8 17. Rd3 cxd4 18. Rhxd4 Rxd4 19. Rxd4 Bc5 20. Rc4 Qe7 21. Bxb6 axb6 22. a3 Rd8 23. b4 Bd6 24. Nf1 Nd5 25. g3 Bc7 26. f4 Qe8 27. Nd2 Rc8 28. Kb2 Ka7 29. Ndf3 Kb8 30. Nd4 Rd8 31. Ndf3 Bd6 32. Rd4 Ne7 33. Rd3 b5 34. c3 Nd5 35. Nd4 Rc8 36. Rf3 Nc7 37. Qe4 f5 38. Ndc6+ bxc6 39. Qd4 Nd5 40. c4 Bxe5 41. Qxe5+ Nc7 42. cxb5 cxb5 43. Qc5 Kb7 44. Rf2 Qc6 45. Qe5 Nd5 46. Rd2 Qc1+ 47. Kb3 0-1

[Event "UZB-ch (Women)"]
[Site "Tashkent"]
[Date "2010.05.16"]
[Round "7"]
[White "Mamatkulova, Maftuna"]
[Black "Qurbonboeva, Sarvinoz"]
[Result "0-1"]
[WhiteElo "1951"]
[BlackElo "2011"]
[PlyCount "60"]
[EventDate "2010.05.16"]
[EventType "tourn"]
[EventRounds "11"]
[EventCountry "UZB"]
[SourceTitle "EXT 2011"]
[Source "ChessBase"]
[SourceDate "2010.11.26"]
[SourceVersion "1"]
[SourceVersionDate "2010.11.26"]
[SourceQuality "1"]

1. d4 Nf6 2. c4 g6 3. Nc3 Bg7 4. Nf3 0-0 5. e4 d6 6. Be2 Nbd7 7. 0-0 e5 8. Bg5 h6 9. Bd2 exd4 10. Nxd4 Nc5 11. Qc2 Re8 12. Bf3 Bg4 13. Rae1 a5 14. Bxg4 Nxg4 15. Nde2 Qh4 16. Bf4 Be5 17. Bxe5 Rxe5 18. h3 Nf6 19. f4 Re7 20. Nd4 Rae8 21. Nf3 Qxf4 22. Nd2 Qe5 23. Nf3 Qh5 24. Nd2 Re6 25. Rxf6 Rxf6 26. Nd5 Qe5 27. Kh1 Rf2 28. Nxc7 Qg5 29. Rg1 Rxd2 30. Qc1 Nd3 0-1